000
00333nam a22001217a 4500
082
_a
323.95491
245
_a
Human Rights /
_c
Edited By Muhammad Abdul Basit
260
_a
Rawalpindi :
_b
Federal Law House,
_c
2019.
300
_a
630 p. ;
_c
24 cm.
942
_2
ddc
_c
BK
999
_c
587227
_d
587227